| 000 | 00485nam a2200169Ia 4500 | ||
|---|---|---|---|
| 008 | 240729s9999 xx 000 0 und d | ||
| 022 | _a1804-5847 | ||
| 245 | 0 | _aCeramics-Silikáty | |
| 260 | _aCzechia | ||
| 260 | _bUniversity of Chemistry and Technology, Prague | ||
| 650 | _a Chemical technology | ||
| 650 | _a Clay industries. Ceramics. Glass | ||
| 650 | _aTechnology | ||
| 856 | _uhttps://doaj.org/toc/6e8e37d71f1c454595586d7b840646a4 | ||
| 942 | _2ddc | ||
| 942 | _cDOAJEJ | ||
| 999 |
_c70507 _d70507 |
||
| 945 |
_a1 _bMadushi Gamage _c1 _dMadushi Gamage |
||